Fast Food Restaurants - Years in Review Quiz Stats

 Plays Quiz not verified by Sporcle

Challenge
Share
Tweet
Embed
Score 0/30 Timer 05:00
0 Plays Today
Year Restaurant % Correct
1948McDonalds
100%
1954Burger King
95.1%
1969Wendys
87.9%
1962Taco Bell
74%
1952KFC
70.2%
1965Subway
66.8%
1958Pizza Hut
63.3%
1964Arbys
59.5%
1960Dominos
54%
1921White Castle
48.8%
1951Jack in the Box
46%
1983Quiznos
41.3%
1983Papa Johns
41.3%
1971Starbucks
39.6%
1940Dairy Queen
38.2%
Year Restaurant % Correct
1972Popeyes
35.8%
1950Dunkin Donuts
34.7%
1969Long John Silvers
30.1%
1993Chipotle
23.4%
1959Little Caesars
20.2%
1983Panda Express
19.7%
1922A&W
16.5%
1945Baskin Robbins
16.5%
1937Krispy Kreme
14.2%
1958Sbarro
13.9%
1964Blimpie
10.4%
1916Nathans
9.8%
1967Chik-Fil-A
8.7%
1964Tim Hortons
8.4%
1936Carvel
4.3%

You're not logged in!

Compare scores with friends on all Sporcle quizzes.
Join for Free
OR
Log In

You Might Also Like...

Show Comments

Extras

Top Quizzes Today


Score Distribution

Your Account Isn't Verified!

In order to create a playlist on Sporcle, you need to verify the email address you used during registration. Go to your Sporcle Settings to finish the process.

Report this User

Report this user for behavior that violates our Community Guidelines.

Details: